000 01597nam0a2200373 4500
001 RU\NLR\bibl\455376
005 20260412063615.0
010 _a5-85447-016-0
_91000
035 _a(NLR Aleph) 000448916
090 _a861308
_c861308
100 _a20031104d2003 |||y0rusy50 ca
101 0 _arus
_cfre
102 _aRU
105 _aa |||||||||
200 1 _aМолодец
_dLe gars
_eПоэма
_fМарина Цветаева
_g[Перс. с фр. Л.М. Цывьяна]
_gПодгот. Наталья Телетова
_gИл. Натальи Гончаровой
_zfre
210 _aСПб.
_cДорн
_d2003
215 _a258,[4] с.
_cцв. ил.
_d28
300 _aАвт. также на фр. яз.: Marina Tsvetaeva
300 _aТекст парал. на фр. яз.
316 _a2-й экз. с автогр. Натальи Телетовой
_5NLR
320 _aБиблиогр. в прим.: с. 242-243 (85 назв.) и в тексте
327 1 _aВ кн. также: Любимая поэма Цветаевой / Наталья Телетова
510 1 _6z22790
_aLe gars
_zfre
686 _aШ6(2=Р)6-5
686 _aШ6(2=Р)75-57Цывьян
700 1 _4070
_8rus
_7ca
_aЦветаева
_bМ. И.
_f1892-1941
_gМарина Ивановна
_3RU\NLR\AUTH\779131
_9118995
790 1 _4070
_8rus
_7ba
_aCvetaeva
_bM. I.
_f1892-1941
_gMarina Ivanovna
_3RU\NLR\Auth\7728600
_911631
801 0 _aRU
_bNLR
_c20031104
_gPSBO
801 1 _aRU
_bNLR
_c20031104
942 _cBOOK
980 _aNB